000 01810cam a2200253 4500
001 ABS63373
008 000000n2000 000 0 eng u
035 _a(Sirsi) u110500
245 _aAhmed Al-Naimi (trading as Buildmaster Construction Services) v Islamic Press Agency Incorporated
260 _c2000
490 _aArbitration and Dispute Resolution Law Journal
_v[2000] ADRLJ 324-331(8)
520 _aCA 28 January 2000. A appealed against a stay of court proceedings under the Arbitration Act 1996 s9, which was granted on the grounds that there were 'genuine disputes' concerning the construction of a contract in the standard JCT agreement for minor building works 1980 edition signed in July 1996, on the grounds that the judge had refused to decide if the action was covered by the arbitration agreement relied upon by I. A claimed that work not originally envisaged by the contract was not covered by the contract and was not the subject of an arbitration clause. The CA ruled that it was overwhelmingly clear that there was only the one contract and that this had been extended to cover the additional work. "Held": appeal dismissed; but with the indication that the issue left open by the judge had been decided by the CA in favour of the respondent.
590 _aABS
650 _aAHMED AL-NAIMI (TRADING AS BUILDMASTER CONSTRUCTION SERVICES) V ISLAMIC PRESS AGENCY INTERNATIONAL
650 _aMANAGEMENT-DISPUTE AVOIDANCE, MANAGEMENT AND RESOLUTION-DISPUTE MANAGEMENT AND RESOLUTION-ARBITRATION
650 _aARBITRATION ACT 1996 S9
650 _aContracts
_96232
650 _aDISPUTE RESOLUTION
_96236
650 _aJCT AGREEMENT FOR MINOR BUILDING WORKS 1980
650 _aMW80
650 _aSTAY OF PROCEEDINGS
690 _aBUILDING AND CONSTRUCTION-CASE LAW
942 _n0
999 _c65873
_d65873